Energy modelling of a mid 19th century villa (Record no. 112728)

MARC details
000 -LEADER
fixed length control field 00938cad a22002055a 4500
001 - CONTROL NUMBER
control field E153856
008 - FIXED-LENGTH DATA ELEMENTS--GENERAL INFORMATION
fixed length control field 110913s2009 xxk f 000 0 eng d
035 ## - SYSTEM CONTROL NUMBER
System control number (Sirsi) u153856
041 0# - LANGUAGE CODE
Language code of text/sound track or separate title eng
110 2# - MAIN ENTRY--CORPORATE NAME
Corporate name or jurisdiction name as entry element Integrated Environmental Solutions
9 (RLIN) 5973
245 00 - TITLE STATEMENT
Title Energy modelling of a mid 19th century villa
Remainder of title baseline performance and improvement options
Medium [electronic resource]
260 ## - PUBLICATION, DISTRIBUTION, ETC.
Place of publication, distribution, etc. Edinburgh
Name of publisher, distributor, etc. Historic Scotland
Date of publication, distribution, etc. 2009
490 #0 - SERIES STATEMENT
Series statement Historic Scotland Technical Paper
Volume/sequential designation (5)
520 ## - SUMMARY, ETC.
Summary, etc. Uses dynamic thermal modelling to assess the energy performance and internal comfort of a traditional, two-storey sandstone villa.
590 ## - LOCAL NOTE (RLIN)
Local note KA
651 #4 - SUBJECT ADDED ENTRY--GEOGRAPHIC NAME
Geographic name Scotland
Chronological subdivision 1999-
690 ## - LOCAL SUBJECT ADDED ENTRY--TOPICAL TERM (OCLC, RLIN)
Topical term or geographic name as entry element ENVIRONMENTAL AND LAND CONSULTANCY-ENERGY-ENERGY USE-ENERGY EFFICIENCY
856 40 - ELECTRONIC LOCATION AND ACCESS
Uniform Resource Identifier <a href="https://www.historic-scotland.gov.uk/energy-modelling-mid19th-century-villa.pdf">https://www.historic-scotland.gov.uk/energy-modelling-mid19th-century-villa.pdf</a>
Public note View the report free of charge at www.historic-scotland.gov.uk
942 ## - ADDED ENTRY ELEMENTS (KOHA)
Suppress in OPAC 0
Holdings
Withdrawn status Lost status Source of classification or shelving scheme Damaged status Not for loan Home library Current library Shelving location Date acquired Total Checkouts Full call number Barcode Date last seen Copy number Price effective from Koha item type
    Dewey Decimal Classification     Virtual Virtual Online 13/09/2011   ONLINE PUBLICATION 153856-1001 06/08/2019 1 06/08/2019 Book